Beyoncé - SWEET ★ HONEY ★ BUCKIIN' lyrics - Statistics

General Stats
  • This quiz has been taken 81 times
  • The average score is 375 of 656
Answer Stats
Hint Answer % Correct
a
96%
a
96%
a
96%
a
96%
a
96%
a
96%
a
96%
a
96%
A
96%
A
96%
a
96%
a
96%
A
96%
a
96%
a
96%
a
96%
me
96%
me
96%
me)
96%
me
96%
me)
96%
me
96%
me
96%
SWEET Intro (Beyoncé) I
94%
I
94%
I
94%
I
94%
I
94%
I
94%
I
94%
I
94%
I
94%
I
94%
you
94%
You
94%
You
94%
you
94%
you
94%
You
94%
You
94%
You
94%
you
94%
you
94%
the
90%
the
90%
the
90%
the
90%
the
90%
the
90%
Verse 2 (Beyoncé) The
90%
the
90%
the
90%
the
90%
the
90%
the
90%
the
90%
the
90%
the
90%
the
90%
the)
90%
the)
90%
the)
90%
the
90%
the
90%
the
90%
the
90%
the
90%
the
90%
the
90%
the
90%
the
90%
the
90%
the
90%
the
90%
the
90%
the
90%
the
90%
the
90%
to
90%
to
90%
to
90%
to
90%
to
90%
To
90%
To
90%
(To
90%
to
90%
to
90%
BUCKIIN' Chorus (Beyoncé (+Pharrell Williams)) Buckin'
85%
buckin'
85%
buckin'
85%
buckin'
85%
buckin'
85%
Buckin'
85%
Buckin'
85%
buckin'
85%
buckin'
85%
buckin'
85%
buckin'
85%
Buckin'
85%
buckin'
85%
buckin'
85%
Buckin'
85%
Chorus (Beyoncé (+Pharrell Williams)) Buckin'
85%
buckin'
85%
buckin'
85%
buckin'
85%
buckin'
85%
buckin'
85%
buckin'
85%
buckin'
85%
buckin'
85%
buckin'
85%
buckin'
85%
buckin'
85%
Buckin'
85%
buckin'
85%
Buckin'
85%
buckin'
85%
buckin'
85%
buckin'
85%
So
85%
HONEY Verse (Beyoncé) So
85%
(So
85%
And
83%
and
83%
And
83%
And
83%
And
83%
And
83%
and
83%
and
83%
on
81%
on
81%
on
81%
on
81%
on
81%
on
81%
On
81%
on
81%
on
81%
on
81%
on
81%
on
81%
on
81%
on
81%
on
81%
see
81%
all
79%
All
79%
(All
79%
all
79%
all
79%
in
79%
in
79%
in
79%
in
79%
in
79%
in
79%
in
79%
like
79%
like
79%
like
79%
like
79%
like
79%
like
79%
like
79%
that
79%
that
79%
that
79%
that
79%
that
79%
that
79%
that
79%
that
79%
that
79%
that
79%
that
79%
that
79%
that
79%
that
79%
that
79%
that
79%
that
79%
at
77%
at
77%
at
77%
at
77%
at
77%
at
77%
at
77%
at
77%
at
77%
at
77%
ayy
77%
ayy
77%
don't
75%
fall
75%
pieces
75%
bull
73%
bull
73%
bull
73%
honey
73%
Chorus (Beyoncé (+Pharrell Williams)) Honey
73%
Honey
73%
Honey
73%
Honey
73%
it
73%
it
73%
It
73%
it
73%
it
73%
it
73%
it
73%
it
73%
it
73%
This
73%
Outro (Beyoncé) This
73%
this
73%
when
73%
when
73%
Look
71%
look
71%
look
71%
Look
71%
look
71%
look
71%
Look
71%
mechanical
71%
mechanical
71%
mechanical
71%
we
71%
We
71%
we
71%
we
71%
what
71%
what?)
71%
what
71%
been
69%
been
69%
do
69%
horse
69%
horse
69%
horse
69%
horse
69%
horse
69%
horse
69%
my
69%
my
69%
my
69%
my
69%
my
69%
my
69%
my
69%
my
69%
my
69%
my
69%
my
69%
time
69%
time
69%
home
67%
home
67%
home
67%
home
67%
home)
67%
home
67%
home
67%
home)
67%
home
67%
I'm
67%
I'm
67%
I'm
67%
I'm
67%
I'm
67%
I'm
67%
Chorus (Beyoncé + Shaboozey) I'm
67%
(I'm
67%
I'm
67%
I'm
67%
(I'm
67%
I'm
67%
I'm
67%
no
67%
no
67%
night
65%
night
65%
night)
65%
night
65%
night)
65%
(Night)
65%
(night)
65%
(night)
65%
night
65%
night
65%
night
65%
tell
65%
can
63%
can
63%
coming
63%
coming
63%
coming
63%
coming
63%
coming
63%
coming
63%
coming
63%
coming
63%
how
63%
ooh
63%
say
63%
Pre-Chorus (Beyoncé (+Pharrell Williams)) Say
63%
Pre-Chorus (Beyoncé) Say
63%
sweet
63%
sweet
63%
sweet)
63%
sweet)
63%
sweet)
63%
for
60%
for
60%
for
60%
for
60%
for
60%
is
60%
is
60%
is
60%
is
60%
Is
60%
is
60%
thin
60%
Each
58%
good
58%
good
58%
good
58%
good
58%
hell
58%
hell
58%
Money
58%
money
58%
money
58%
oh
58%
oh
58%
Oh
58%
your
58%
Verse 1 (Beyoncé (+Pharrell Williams)) Your
58%
Your
58%
your
58%
ain't
56%
ain't
56%
ain't
56%
Ain't
56%
ain't
56%
Ain't
56%
as
56%
as
56%
back
56%
back
56%
Country
56%
country
56%
don't
56%
don't
56%
new
56%
new
56%
(New
56%
of
56%
Pretty
56%
Pretty
56%
With
56%
(With
56%
44
54%
come
54%
come
54%
come)
54%
Come
54%
day
54%
Just
54%
just
54%
just
54%
need
54%
need
54%
road
54%
win
54%
dead
52%
route
52%
secrets
52%
there
52%
til
52%
from
50%
from
50%
From
50%
hear
50%
our
50%
ridin'
50%
Ridin'
50%
(ridin')
50%
(ridin')
50%
(ridin')
50%
(ridin')
50%
take
50%
(take
50%
Take
50%
Take
50%
take
50%
Take
50%
you've
50%
boy
48%
can't
48%
can't
48%
matter
48%
miss
48%
out
48%
out
48%
out
48%
step
48%
(step)
48%
Step
48%
woah
48%
woah
48%
Woah
48%
(woah)
48%
woah
48%
woah
48%
woah
48%
woah
48%
Body
46%
boots
46%
Cadillac
46%
get
46%
long
46%
long
46%
Put
46%
put
46%
Put
46%
rodeo
46%
stuck
46%
stuck)
46%
Stuck
46%
(Stuck
46%
full
44%
full
44%
man
44%
man
44%
red
44%
She
44%
store
44%
takin'
44%
cornbread
42%
eyes
42%
fit
42%
them
42%
them
42%
they
42%
They
42%
They
42%
Verse 2 (Beyoncé) They
42%
they
42%
through
42%
(Through
42%
(Through
42%
(Through
42%
bed
40%
(check)
40%
flow
40%
flow
40%
goin'
40%
goin'
40%
nobody
40%
painted
40%
Snake
40%
taste
40%
Taste
40%
up
40%
up
40%
want
40%
are
38%
au
38%
au
38%
booty
38%
cornfed
38%
every
38%
flower
38%
(Flower
38%
Jiffy
38%
ride
38%
ride
38%
Ride
38%
superstar
38%
again
35%
again
35%
baby?
35%
Bought
35%
feet
35%
Fuck
35%
fuck
35%
hand
35%
hey
35%
Hey
35%
hey
35%
rattle
35%
Wear
35%
Wear
35%
yeah
35%
yeah
35%
Yeah
35%
(yeah)
35%
(yeah)
35%
Calabasas
33%
cars
33%
Chevy
33%
den
33%
It's
33%
it's
33%
Marlboro
33%
stove
33%
thing
33%
think
33%
was
33%
Hop
31%
(Hop
31%
know
31%
know
31%
know
31%
know
31%
says
31%
start
31%
start
31%
trend
31%
trend
31%
You're
31%
(You're
31%
Verse 1 (Shaboozey) Lucchese
29%
offend
29%
offend
29%
ooh
29%
Ooh
29%
ooh
29%
ooh
29%
Outro (Beyoncé) Ooh
29%
right
29%
rolls
29%
saddle
29%
saddle)
29%
shit
29%
shit
29%
shit
29%
skin
29%
skin
29%
smoke
29%
some
29%
still
29%
still
29%
way
29%
where
29%
chin
27%
drivin'
27%
feel
27%
feel
27%
highways
27%
We've
27%
will
27%
will
27%
backroads
25%
backroads)
25%
But
25%
Cut
25%
fore
25%
hormones
25%
Never
25%
old
25%
pen
25%
rim
25%
rough
25%
things
25%
things
25%
things
25%
AOTY
23%
Bugatti
23%
Bugatti
23%
cattle
23%
cowboy
23%
farce
23%
farce
23%
gettin'
23%
(Gettin'
23%
got
23%
grits
23%
ladder
23%
lasso'd
23%
naturale
23%
naturale
23%
spin
23%
spin
23%
ah
21%
bank?
21%
bout
21%
Dinin'
21%
Dinin'
21%
field
21%
or
21%
outta
21%
patience
21%
Turn
21%
zydeco
21%
bad
19%
bag
19%
gone
19%
listen
19%
only
19%
stirrup
19%
stomped
19%
top
19%
top
19%
trail
19%
(We're)
19%
(We're)
19%
(We're)
19%
(We're)
19%
wind
19%
wind
19%
(ay)
17%
DNA
17%
hissin'
17%
inside
17%
inside)
17%
bite
15%
late
15%
mama
15%
stuntin'
15%
trait
15%
chain
13%
Hit
13%
live
13%
live)
13%
railroads
13%
snakes
13%
(Sticky
13%
sticky
13%
sticky
13%
(Sticky
13%
sticky
13%
sticky
13%
(Sticky
13%
sticky
13%
sticky
13%
yankin'
13%
Everybody's
10%
gets
10%
Promisin'
10%
throw
10%
once
8%
pictures
8%
rodeos
8%
runway
8%
Pop-pops
6%
(Hot
2%
hot
2%
hot
2%
hot)
2%
No matching quizzes found
Score Distribution
Percent of People with Each Score
Percentile by Number Answered
Your Score History
You have not taken this quiz